000 00491nam a2200145Ia 4500
041 _aArabic
082 _a340,072 cut-294 ع
100 _a20260118u\\\\\\\\\\\y0engy0103\\\\ba
100 _aعباس العبودي
245 0 _aشرح احكام قانون التوقيع الالكتروني والمعاملات الالكترونية رقم ( 78 ) لسنة 2012
250 _aط1
260 _bدار السنهوري
_aبيروت - لبنان
_c2018
300 _a253
942 _cBk
999 _c189661
_d189661